| 000 | 00464nam a2200157Ia 4500 | ||
|---|---|---|---|
| 003 | LK-CoDNM | ||
| 008 | 010623t1986 xxu||||| |||| 00| 1 eng d | ||
| 040 |
_aLK-CoDNM _dLK-CoDNM _eLK-CoDNM |
||
| 041 | _aeng | ||
| 080 | _a(x) 378.965 [2] | ||
| 245 | _aConvocation for the admission of members presentation of certificates awards | ||
| 260 |
_bInstitute of chartered accountants of Sri Lanka _c1986 |
||
| 300 | _b14, 22 cm | ||
| 650 | _aEducation | ||
| 942 | _cBK | ||
| 999 |
_c113124 _d113124 |
||